000 00743nam a2200229Ia 4500
003 GCL
008 140319s9999 xx 000 0 ara d
040 _aGCL /
_cGCL
082 0 4 _a358.414
_bم ق
100 1 _aمحمد زكى عكاشة
245 1 0 _aالقنص الطائر مواقف وتجارب من قتال سلاح الجو المصرى /
_cمحمد زكى عكاشة
260 _a[S.N] :
_bلجنة الاعلام والدراسات المستقبلية
300 _a93 ص
490 _a
650 0 4 _aالعصر الحديث
650 0 4 _aمصر
650 0 4 _aتاريخ
650 0 4 _aالعمليات الحربية
650 0 4 _aالقوات الجوية
650 0 4 _aالقوات المسلحة
942 _2ddc
_cBK
999 _c30558
_d30558